Countries That Eat the Most Pork - Statistics

General Stats
  • This quiz has been taken 39,337 times
    23,838 since last reset
  • The average score is 12 of 20
Answer Stats
kg Country % Correct
35.7 China
89%
44.3 Germany
86%
51.9 Spain
77%
54.1 Poland
74%
37.7 Portugal
70%
45.5 Austria
69%
38.9 Slovakia
66%
45.3 Czechia
65%
47.9 Hungary
64%
44.3 Serbia
60%
49.7 Croatia
58%
38.2 Latvia
57%
38.0 South Korea
57%
37.7 Estonia
56%
48.3 Lithuania
56%
38.4 Belarus
54%
38.5 Vietnam
51%
43.2 Montenegro
39%
38.3 Taiwan
38%
35.9 Cyprus
17%
No matching quizzes found
Score Distribution
Percent of People with Each Score
Percentile by Number Answered
Your Score History
You have not taken this quiz since the last reset